MARC details
| 000 -CABECERA |
| campo de control de longitud fija |
02322cab a2200289 ab4500 |
| 005 - FECHA Y HORA DE LA ÚLTIMA TRANSACCIÓN |
| campo de control |
20241021114449.0 |
| 008 - ELEMENTOS DE LONGITUD FIJA--INFORMACIÓN GENERAL |
| campo de control de longitud fija |
991125c2018 sp tr p o 000 0 spa d |
| 035 ## - NÚMERO DE CONTROL DEL SISTEMA |
| Número de control de sistema |
UPN01000228238 |
| 040 ## - FUENTE DE LA CATALOGACIÓN |
| Centro catalogador/agencia de origen |
MX-MxUPN |
| Lengua de catalogación |
spa |
| Centro/agencia transcriptor |
MX-MxUPN |
| 049 ## - COLECCIÓN |
| Colección |
ART-E |
| 100 1# - ASIENTO PRINCIPAL--NOMBRE PERSONAL |
| Nombre de persona |
Bartolomei Torres, Pierette |
| Enlace |
- pierette18@correo.ugr.es |
| 100 1# - ASIENTO PRINCIPAL--NOMBRE PERSONAL |
| Nombre de persona |
Aguaded Ramírez, Eva María |
| 245 10 - MENCIÓN DE TÍTULO |
| Título |
Aplicación e impacto de las inteligencias múltiples en la enseñanza de lenguas extranjeras |
| 506 0# - NOTA DE RESTRICCIONES AL ACCESO |
| Limitaciones de acceso |
Acceso abierto |
| 520 3# - NOTA DE RESUMEN, ETC. |
| Sumario, etc. |
En 1983 Howard Gardner publicó en su libro, Estructuras de la Mente, una teoría que revolucionó la visión del mundo académico, sobre el concepto de inteligencia. Desde entonces, sigue creando incertidumbres, que abren paso a diferentes investigaciones. El enfoque del siguiente estudio fue observar la existencia de la relación entre la aplicación de estrategias que hacen uso de la Teoría de las Inteligencias Múltiples (TIM) y el desarrollo de tres de los ocho tipos existentes; estas fueron la inteligencia verbal lingüística, la inteligencia intrapersonal y la inteligencia interpersonal. Esta aplicación fue realizada mediante la Enseñanza de una Lengua Extranjera (ELE), en este caso el inglés. Durante el estudio también se investigó la relación entre el uso de estas estrategias con la mejora del proceso de aprendizaje de la ELE. La recolección de datos fue realizada, mediante el uso de pre y post prueba; estos datos fueron analizados estadísticamente. Los resultados revelaron que no hubo diferencias significativas en los grupos estudiados, por lo que se concluye que es necesaria una intervención más a largo plazo, para producir el desarrollo de las IM y comprobar la mejora en el aprendizaje de la lengua extranjera. REIFOP |
| 650 #7 - ASIENTO SECUNDARIO DE MATERIA - TERMINO TEMATICO |
| Término de materia o nombre geográfico como elemento de entrada |
Inteligencias múltiples |
| 9 (RLIN) |
171 |
| 653 0# - TERMINO DE INDIZACION - NO CONTROLADO |
| Término no controlado |
Enseñanza de idiomas |
| 653 0# - TERMINO DE INDIZACION - NO CONTROLADO |
| Término no controlado |
Inteligencia verbal |
| 653 0# - TERMINO DE INDIZACION - NO CONTROLADO |
| Término no controlado |
Inteligencia intrapersonal |
| 653 0# - TERMINO DE INDIZACION - NO CONTROLADO |
| Término no controlado |
Inteligencia interpersonal |
| 773 ## - ENLACE AL DOCUMENTO FUENTE/ENTRADA DE REGISTRO ANFITRIÓN |
| Parte(s) relacionada(s) |
Vol. 21, no. 1 (2018), p. 95-114 |
| Título |
REIFOP: revista electrónica interuniversitaria de formación del profesorado |
| Número Internacional Normalizado para Publicaciones Seriadas |
1575-0965 |
| 856 4# - LOCALIZACIÓN Y ACCESO ELECTRÓNICOS |
| Identificador Uniforme del Recurso |
<a href="https://revistas.um.es/reifop/article/view/281841">https://revistas.um.es/reifop/article/view/281841</a> |
| 856 4# - LOCALIZACIÓN Y ACCESO ELECTRÓNICOS |
| Identificador Uniforme del Recurso |
<a href=" https://doi.org/10.6018/reifop.21.1.281841"> https://doi.org/10.6018/reifop.21.1.281841</a> |
| 902 ## - ELEMENTOS DE DATOS B LOCAL, LDB (RLIN) |
| Creó |
Leonor Sotres/211024 |
| 905 ## - TIPO DE MATERIAL |
| Tipo de material |
Articulo |
| 942 ## - ELEMENTOS DE PUNTO DE ACCESO ADICIONAL (KOHA) |
| Tipo de ítem Koha |
Artículo Electrónico |